Guess the Artist by Their Top Songs - Statistics

General Stats
  • This quiz has been taken 138 times
    111 since last reset
  • The average score is 7 of 10
Answer Stats
Songs Artist % Correct
- Dancing Queen - Gimme Gimme Gimme (A Man After Midnight)- The Winner Takes It All ABBA
100%
- You Give Love A Bad Name- Livin' On A Prayer - It's My Life Bon Jovi
100%
- Toxic- ...Baby One More Time - Gimme More Britney Spears
100%
- Despacito- Con Calma - Gasolina Daddy Yankee
100%
- Get Lucky- One More Time - Around the World Daft Punk
100%
- Sorry Not Sorry- Cool For The Summer - Heart Attack Demi Lovato
100%
- Levitating- One Kiss - New Rules Dua Lipa
100%
- Shape Of You- Perfect -Photograph Ed Sheeran
100%
- Dreams - The Chain - Go Your Own Way Fleetwood Mac
100%
- Basket Case- American Idiot - Boulevard of Broken Dreams Green Day
100%
- As It Was- Watermelon Sugar - Sign of the Times Harry Styles
100%
- Beauty And A Beat- Sorry - Love Yourself Justin Bieber
100%
- Poker Face- Bad Romance - Just Dance Lady Gaga
100%
- Let You Break My Heart Again- From The Start - Falling Behind Laufey
100%
- Obsessed- We Belong Together - All I Want For Christmas Is You Mariah Carey
100%
- We Can't Stop- Flowers - Party In The U.S.A. Miley Cyrus
100%
- Story of My Life- What Makes You Beautiful
- Night Changes
One Direction
100%
- So What- Just Give Me A Reason (ft. Nate Ruess) - Raise Your Glass P!nk
100%
- Bohemian Rhapsody- Another One Bites The Dust - Under Pressure Queen
100%
- We Found Love- Umbrella - Diamonds Rihanna
100%
- Espresso- Please Please Please - Nonsense Sabrina Carpenter
100%
- Hips Don't Lie (ft. Wyclef Jean)- Whenever, Wherever - Waka Waka (Time For Africa) Shakira
100%
- Shake It Off
- Cruel Summer - Blank Space
Taylor Swift
100%
- Blinding Lights- Starboy - Die For You The Weeknd
100%
- Waterfalls- Creep - No Scrubs TLC
100%
- BIRDS OF A FEATHER- ocean eyes
- bad guy
Billie Eilish
92%
- 7 rings- thank u, next - Into You Ariana Grande
90%
- Without Me- The Real Slim Shady
- Lose Yourself
Eminem
90%
- Underneath The Tree- Stronger (What Doesn't Kill You) - Since U Been Gone Kelly Clarkson
90%
- Smooth Criminal- Billie Jean - Beat It Michael Jackson
90%
- TEXAS HOLD 'EM- Irreplaceable - Single Ladies (Put a Ring on It) Beyoncé
89%
- Smells Like Teen Spirit- Come As You Are - Heart-Shaped Box Nirvana
89%
- Yellow- Viva La Vida
- Something Just Like This
Coldplay
88%
- Highway to Hell- Thunderstruck - Back In Black AC/DC
86%
- Rock Your Body- CAN'T STOP THE FEELING! - SexyBack (ft. Timbaland) Justin Timberlake
86%
- Firework- Last Friday Night (T.G.I.F.) - Dark Horse Katy Perry
86%
- Summertime Sadness- Young and Beautiful - Video Games Lana Del Rey
86%
- Payphohne- Moves Like Jagger (ft. Christina Aguilera)
- Memories
Maroon 5
86%
- Sunflower (Spiderman: Into the Spiderverse)- Circles - rockstar (ft. 21 Savage) Post Malone
86%
- NEW MAGIC WAND- See You Again (ft. Kali Uchis)
- EARFQUAKE
Tyler, the Creator
86%
- Girlfriend- Sk8ter Boi - Complicated Avril Lavigne
83%
- I Want It That Way- Everybody (Backstreets Back) - As Long As You Love Me Backstreet Boys
83%
- Paradise City- Welcome to the Jungle - Sweet Child O' Mine Guns N' Roses
83%
- Lush Life- Symphony - Never Forget You Zara Larsson
83%
- Dynamite- Boy with Luv (ft. Halsey) - Butter BTS
80%
- Good Luck, Babe!- Pink Pony Club - HOT TO GO! Chappel Roan
80%
- Believer- Thunder - Radioactive Imagine Dragons
80%
- How You Remind Me- Photograph
- Rockstar
Nickleback
80%
- drivers license- good 4 you - traitor Olivia Rodrigo
80%
- I Write Sins Not Tragedies- High Hopes - Death of a Bachelor Panic! At the Disco
80%
- When Doves Cry- Kiss - Purple Rain Prince
80%
- Kill Bill- Snooze - Good Days SZA
80%
- Borderline - New Person, Same Old Mistakes - The Less I Know The Better Tame Impala
80%
- Mr. Brightside- Somebody Told Me - When We Were Young The Killers
80%
- Daddy Issues- Sweater Weather - Softcore The Neighborhood
78%
- Someone Like You- Easy On Me - Rolling In The Deep Adele
75%
- Just The Way You Are- Locked Out of Heaven - That's What I Like Bruno Mars
75%
- Kiss Me More (ft. SZA)- Woman - Streets Doja Cat
75%
- Bang Bang- Price Tag - Domino Jessie J
75%
- TiK ToK- Die Young
- Timber (ft. Pitbull)
Ke$ha
75%
- Royals- Teams - Ribs Lorde
75%
- So Fresh So Clean- Hey Ya!
- Miss Jackson
Outkast
75%
- Zombie- Linger - Dreams The Cranberries
75%
- Karma Police- Creep - No Surprises Radiohead
71%
- Empire State of Mind- No One - If I Ain't Got You Alicia Keys
67%
- Let's Get It Started- Boom Boom Pow - I Gotta Feeling Black Eyed Peas
67%
- I Miss You- All The Small Things - What's My Age Again? blink-182
67%
- Feel So Close- How Deep Is Your Love - Summer Calvin Harris
67%
- My Immortal- Call Me When You're Sober - Bring Me To Life Evanescence
67%
- Whatcha Say- Want to Want Me
- Talk Dirty (ft. 2 Chainz)
Jason Derulo
67%
- Let's Get Loud- On The Floor (ft. Pitbull) - Ain't Your Mama Jennifer Lopez
67%
- Don't Stop Believin- Any Way You Want It - Seperate Ways (Worlds Apart) Journey
67%
- INDUSTRY BABY (ft. Jack Harlow)- MONTERO (Call Me By Your Name) - Old Town Road (ft. Billy Ray Cyrus) Lil Nas X
67%
- Stitches- Treat You Better - Señorita Shawn Mendes
67%
- Californication- Under the Bridge - Can't Stop Red Hot Chili Peppers
63%
- Fluorescent Adolescent- Why'd You Only Call Me When You're High? - I Wanna Be Yours Arctic Monkeys
60%
- That's So True- I Love You, I'm Sorry - I miss you, I'm sorry Gracie Abrams
60%
- Timber- Give Me Everything (ft. Nayer) - Time Of Our Lives Pitbull
60%
- Eleanor Rigby- Here Comes The Sun - Hey Jude The Beatles
60%
- Thinkin Bout You- Ivy - Pink + White Frank Ocean
57%
- Bad At Love- Without Me - Eastside (with Khalid) Halsey
57%
- Body- WAP - Thot S**t Megan Thee Stallion
57%
- Lovers Rock- Cigarettes out the Window - Not Allowed TV Girl
57%
- Yeah!- My Boo
- DJ Got Us Fallin' In Love
Usher
57%
- Redbone- This is America - 3005 Childish Gambino
55%
- LA CANCIÓN- Tití Me Preguntó - Me Porto Bonito Bad Bunny
50%
- Love Me Like You Do- Burn - Hate Me Ellie Goulding
50%
- Mary On A Cross- Square Hammer - Dance Macabre Ghost
50%
- The Sweet Escape (with Akon) - Hollaback Girl - Let Me Blow Ya Mind Gwen Stefani
50%
- My Love Mine All Mine- Washing Machine Heart - Me and My Husband Mitski
50%
- Teenagers- I'm Not Okay (I Promise)
- Helena
My Chemical Romance
50%
- Don't Cha - Buttons -Stickwitu The Pussycat Dolls
50%
- Change (In the House of Flies)- Cherry Waves
- My Own Summer (Shove It)
Deftones
43%
- Feel Good Inc.- Clint Eastwood - DARE Gorillaz
43%
- Runaway- Cure For Me - Running With the Wolves AURORA
40%
- Everlong- The Pretender - My Hero Foo Fighters
40%
- Numb- In The End - What I've Done Linkin Park
40%
- Merry Christmas, Happy Holidays- It's Gonna Be Me - Bye Bye Bye NSYNC
40%
-Thnks fr th Mmrs - Centuries - Sugar, We're Going Down Fall Out Boy
33%
- All The Stars (with SZA)- HUMBLE. - Money Trees Kendrick Lamar
33%
- Pocketful of Sunshine- These Words - Unwritten Natasha Bedingfield
33%
- Promiscious (ft. Timbaland)- Maneater - Say It Right Nelly Furtado
33%
- Bulletproof Love- King For A Day - Carphernelia Pierce the Veil
33%
- Animal I Have Become- Never Too Late - I Hate Everything About You Three Days Grace
33%
- Paint It, Black- (I Can't Get No) Satisfaction - Start Me Up The Rolling Stones
29%
- I Say a Little Prayer- Think - Respect Aretha Franklin
27%
- Youngblood- She Looks So Perfect - Teeth 5 Seconds of Summer
25%
- Let's Groove- September - Boogie Wonderland Earth, Wind, & Fire
25%
- Gives You Hell- Dirty Little Secret - Move Along All-American Rejects
17%
- Primadonna- Oh No! - How To Be A Hearbreaker MARINA
13%
- Electric Feel- Kids - Little Dark Age MGMT
13%
- Everybody Talks- Animal - Sleeping With A Friend Neon Trees
13%
- Guess- Boom Clap
- party 4 u
Charli XCX
0%
- I'm Still Standing- Tiny Dancer - Rocket Man (I Think It's Gonna Be A Long Long Time) Elton John
0%
- Immigrant Song- Whole Lotta Love - Stairway to Heaven Led Zepplin
0%
- Break Stuff- Behind Blue Eyes
- Rollin' (Air Raid Vehicle)
Limp Bizkit
0%
- Misery Business- Still Into You - The Only Exception Paramore
0%
- Chop Suey!- Lonley Day
- Aerials
System of a Down
0%
- Summertime- Here's Where The Story Ends - You're Not The Only One I Know The Sundays
0%
- Ride- Heathens - Stressed Out Twenty Øne Pilots
0%
No matching quizzes found
Score Distribution
Percent of People with Each Score
Percentile by Number Answered
Your Score History
You have not taken this quiz since the last reset